000 00849nam a2200265Ia 4500
003 GCL
008 140319s9999 xx 000 0 ara d
040 _aGCL /
_cGCL
082 0 4 _a701.18
_bن م
100 1 _aنعيم عطية
245 1 0 _aالمكان فى فن التصوير المصرى الحديث /
_cنعيم عطية
260 _a[S.N] :
_bالهيئة المصرية العامة للكتاب ،
_c1993
300 _a143 ص
490 _aدراسات فى نقد الفنون الجميلة
_v0
650 0 4 _aالفنون الجميلة
650 0 4 _aالفنانون المصريون
650 0 4 _aالفن
650 0 4 _aالفنون
650 0 4 _aالرسم
650 0 4 _aالتصوير
650 0 4 _aالقرن العشرين
650 0 4 _aالفن المصرى
650 0 4 _aتاريخ ونقد
942 _2ddc
_cBK
999 _c58943
_d58943